| 000 | 00463nam a2200145 i 4500 | ||
|---|---|---|---|
| 001 | 99951 | ||
| 003 | ES-MaACL | ||
| 007 | t| | ||
| 008 | 050920s1916 sp ||||1| spa d | ||
| 100 | 1 |
_aMartínez Pineda, L. _978335 |
|
| 245 | 1 | 0 |
_aLengua patria. Literatura española al alcance de los niños _b: libro de lectura / _cL. Martínez Pineda. |
| 260 |
_aMadrid : _b[s.n.], _c1916 ( _fImp. Alemana) |
||
| 300 |
_a191 p. : _bil. ; _c19 cm. |
||
| 852 |
_aES-MaACL _jG-1334 |
||
| 999 |
_c99951 _d99951 |
||